000 01340nam a22001577a 4500
999 _c514649
_d514649
008 201125b ||||| |||| 00| 0 eng d
100 _aLeung, Pauline. and Leary, Christopher O.
_921451
245 _aUnemployment insurance and means-tested program interactions: Evidence from administrative data
260 _aAmerican Economic Journal: Economic Policy
300 _a12(2), May, 2020: p.159-192
520 _aWe study the ways in which unemployment insurance (UI) benefits interact with other elements of the social safety net around job losses. We exploit a cutoff for UI eligibility, based on a workers' highest quarterly earnings in the past year, to generate quasi-experimental variation in UI receipt. We find that UI receipt cuts welfare (TANF) receipt by half among low-earning UI applicants but has no impact on SNAP or Medicaid usage. However, because welfare participation is low in this population, overall crowdout is small. In the quarter following layoff, UI increases total income by 55 percent (including labor earnings and transfers). – Reproduced
650 _aEmployment; Unemployment; Wages; Intergenerational Income Distribution; Aggregate Human Capital; Aggregate Labor Productivity
_921452
773 _aAmerican Economic Journal: Economic Policy
906 _aUNEMPLOYMENT - INSURANCE
942 _cAR